Make : Technology on Your Time /

Make: Technology on Your Time es una revista estadounidense que comenzó a publicarse en febrero de 2005 con una periodicidad trimestral. Su enfoque principal son los proyectos tecnológicos de tipo “hágalo usted mismo”, dirigidos a entusiastas de disciplinas como la informática, la electrónica, la ro...

وصف كامل

محفوظ في:
التفاصيل البيبلوغرافية
التنسيق: دورية
اللغة:الإنجليزية
الموضوعات:
الوصول للمادة أونلاين:Ver documento en línea
الوسوم: إضافة وسم
لا توجد وسوم, كن أول من يضع وسما على هذه التسجيلة!

MARC

LEADER 00000nas^a2200000^a^4500
001 000265054
005 20260323000000.0
009 20260407173148.921
022 |a 1556-2336 
037 |a Acervo ITESO - Biblioteca 
041 |a ING 
094 |a 1086 
222 0 |a Make :,  |b (Technology on Your Time /) 
245 0 0 |a Make :  |b Technology on Your Time / 
264 |a Sebastopol, EUA :  |b O'Reilly,  |c 2005- 
300 |a volúmenes 
310 |a Trimestral 
336 |a texto  |b txt  |2 rdacontenido 
337 |a sin mediación  |b n  |2 rdamedio 
338 |a volumen  |b nc  |2 rdasoporte 
362 |a Vol. 1 (feb. 2005)- 
520 |a Make: Technology on Your Time es una revista estadounidense que comenzó a publicarse en febrero de 2005 con una periodicidad trimestral. Su enfoque principal son los proyectos tecnológicos de tipo “hágalo usted mismo”, dirigidos a entusiastas de disciplinas como la informática, la electrónica, la robótica, la carpintería y la metalistería. La publicación se caracteriza por su estilo visualmente atractivo y por ofrecer contenidos personalizados para creadores y aficionados. Actualmente forma parte de O'Reilly Media, Inc., una de las editoriales más influyentes en el ámbito de la innovación tecnológica. En Japón, esta revista es considerada un mook, término que designa una publicación híbrida entre revista y libro, por su calidad editorial y profundidad temática. La Hemeroteca conserva la colección física completa desde el volumen 1 (febrero–abril de 2005) hasta el volumen 91 (enero de 2025), con excepción del volumen 14, correspondiente al trimestre mayo–julio de 2008. 
599 |a No vigente 
649 |a XX 
650 |a Tecnología -  |x Publicaciones Periódicas Norteamericanas -  |x Tema Principal 
650 |a Ingeniería Electrónica -  |x Publicaciones Periódicas Norteamericanas -  |x Tema Principal 
650 |a Publicaciones Periódicas Norteamericanas 
856 4 0 |u https://apps.biblio.iteso.mx/catia/pubper/cat.aspx?isn=15562336&cmn=facetedsearch  |y Ver documento en línea 
910 |a Fondo General 
920 |a Impresos - Publicaciones Periódicas 
905 |a 105 
902 |a https://opac.biblio.iteso.mx/vufind/Record/000265054